Hosszú évek halogatása után tavasszal végre megkezdik az OTI szegedi székházának építését

Elmentve itt :
Bibliográfiai részletek
Dokumentumtípus: Cikk
Megjelent: 1935-01-27
Sorozat:Délmagyarország 11 No. 23
Kulcsszavak:Szeged története városrendezés 1935
Online Access:http://dmarchiv.bibl.u-szeged.hu/48743
LEADER 00495nab a2200145 i 4500
001 delm48743
005 20180927134857.0
008 180927s1935 hu o 0|| hun d
040 |a SZTE Délmagyarország Archívum  |b hun 
041 |a hun 
245 0 0 |a Hosszú évek halogatása után tavasszal végre megkezdik az OTI szegedi székházának építését  |h [elektronikus dokumentum] 
260 |c 1935-01-27 
300 |a 3 
490 0 |a Délmagyarország  |v 11 No. 23 
695 |a Szeged története városrendezés 1935